00737nam a2200205 a 45000010005000000030005000050050017000100080041000270200015000680400020000832450110001032600027002133000011002404900026002516100032002779420013003099990015003229520101003379520093004384990CDMR20141230124552.0130130s1978||||||||||||||||||||||||||||d a8428507252 aCDMRbcatcCDMR 3aLa Iglesia ante los medios de comunicación socialb: ponencias de la XXIX Asamblea Episcopal Española aMadridc1978bPaulinas a287 p.0 aTeología y Pastoral2 93200aEsglésia Catòlica cMON2udc c4990d4990 00104070aGIRONAbGIRONAd2010-12-03l0oBc 193pGIRONA1412301391r2013-01-16w2013-01-16yMON 00104070aCDMRbCDMRd2013-01-16l0oCa 3/7pCDMR13097387r2013-01-16w2013-01-16yMON